01080nas a2200313 4500001001000000003000900010005001700019007000300036008003400039040005400073041000900127072000800136100001800144100002100162100002100183245009600204650001900300650001400319650002200333650002500355650000900380650001200389650001000401773012600411909004000537942001800577999001900595952015200614BR0105355BR-BrBNA20231205102701.0ta230509b bl.|||p| |||| 00| 00por d aBR-BrBNAbporcBiblioteca Nacional de Agricultura a(Pt) aH011 aJonsson, C.M.1 aMaia, A. de H.N.1 aFerreira, C.J.A.1 aDecomposição de Typha latifolia em meio aquático na presença do herbicida clomazone aArroz Irrigado aHerbicida aPlanta Aquática aMatéria Orgânica aTaxa aToxidez aTaboa0 tPesticidas. Revista de Ecotoxicologia e Meio Ambiente (Brazil)xISSN 0103-7277g(Jan-Dec 2000), v. 10 p. 31-40wBR0105355 a202311bLúciac55dLúcia Elande 2AGRISn0cANA c168804d168804 002AGRIS4071a41918b41918cPeriódicos Agrícolash(Jan-Dec 2000), v. 10 p. 31-40l0r2023-11-29t01yCRePortaria Interministerial nº 164/94